000 01324nam a2200325 a 4500
003 DO-SdBNP
005 20260123084624.0
007 ta
008 110411s2022 dr 000 0 spa d
020 _a9789945468946
040 _aDO-SdBNP
_bspa
_cBNPHU
082 4 _a345.05
_bD812a, 2022
_222
100 1 _aDuarte Canaán, Pedro J.,
_d1963-
_96300
245 1 0 _aEl arte de la litigación oral penal /
_cPedro J. Duarte Canaán ; prólogo Ricardo De la Cruz Nieves.
246 _aEl arte de la litigación oral penal
_bun referente inefable /
250 _a3a ed. observada y armonizada
260 _aSanto Domingo :
_bAlfa y Omega,
_c2022.
300 _a192 p. :
_c24 cm.
500 _aIncluye datos biográficos del autor en las solapas y en las paginas 189-192
500 _aIncluye referencias bibliográficas y notas al pie de las páginas
504 _aBibliografía : p. 185-187
504 _aIncluye refencias bibliográficas al pie de las páginas.
590 _aInventariado,2022/ YL
650 4 _aDerecho penal
_xRepública Dominicana
_917405
650 0 _aDerecho procesal
_xRepública dominicana
_9555
650 4 _aProcedimiento penal
_xRepública dominicana
_9554
700 1 _aDe la Cruz Nieves, Ricardo
_epról.
_955690
910 _aYLockward/Validado. Control de calidad MFF
942 _2ddc
_cLBS1
999 _c52730
_d52730